Szkolnictwo w Małopolsce w okresie potopu
| Titel: | Szkolnictwo w Małopolsce w okresie potopu |
|---|---|
| Verfasser: | |
| In: |
Rzeczpospolita w latach potopu, (1996), Seite 305-311 alle Artikel anzeigen |
| Veröffentlicht: | 1996 |
| Format: | Aufsatz |
| Sprache: | Polnisch |
X
alg: 39254067 001A $01999:11-11-16 001B $01999:28-04-17 $t15:04:23.000 001D $01999:11-11-16 001U $0utf8 001X $00 002@ $0Aox 003@ $0392540673 007A $0392540673 $aHEB 007T $0Herdc0066587h 010@ $apol 011@ $a1996 021A $aSzkolnictwo w Małopolsce w okresie potopu 028A $#Urban, Wacław Jan $7119309572 $8Urban, Wacław$Z1930-2009 [Tp1] $9087649403 031A $h305-311 $j1996 039B $aIn $8--Aau--. Rzeczpospolita w latach potopu. - Wyd. 1. - Kielce, 1996. - ISBN 83-7133-056-1 $x199600000000000695 $9058941207 lok: 39254067 78 exp: 39254067 78 1 #EPN 201B/01 $007-09-18 $t23:57:49.000 201U/01 $0utf8 203@/01 $0788638653 208@/01 $a11-11-16 $be 209A/01 $a/ $f000 $x00 220C/01 $aTitelaufnehmer: ej 244Z/01 $2Trx $#Poola $#Lenkija $#Polija $#Polen Land $#Poland $#Lengyelország $#Poľsko $#Polsko $8--Trx--Polska$gkraj $x01 $9391345966 244Z/01 $#Kleinpolen $#Małopolska $#Polonia Minor $74098501-5 $8--Tg1--Kleinpolen $x02 $9085277975 244Z/01 $aGeschichte 1655-1660 $x03 244Z/01 $2Trx $#kooli olemus $#švietimas $#School system $#oktatás $#szkolnictwo $#školstvo $#školství $8--Trx--Schulwesen $x04 $9391362038 244Z/01 $2Trx $8--Trx--Einzelbeiträge $x05 $9391384570 245Z/01 $a11.04;06.03.02 $x01 247C/01 $82080>Marburg/Lahn, Herder-Institut, Forschungsbibliothek, Bibliographieportal $9336309341
| LEADER | 00000caa a22000002c 4500 | ||
|---|---|---|---|
| 001 | 392540673 | ||
| 003 | DE-603 | ||
| 005 | 20170428150423.0 | ||
| 007 | tu | ||
| 008 | 161111s1996 xx |||| | u00||u|pol c | ||
| 035 | |a (DE-599)HEB392540673 | ||
| 040 | |a DE-603 |b ger |c DE-603 |d DE-603 | ||
| 041 | |a pol | ||
| 100 | 1 | |a Urban, Wacław |d 1930-2009 |0 (DE-603)087649403 |0 (DE-588)119309572 |2 gnd | |
| 245 | 0 | 0 | |a Szkolnictwo w Małopolsce w okresie potopu |
| 264 | 0 | |c 1996 | |
| 773 | 0 | 8 | |i In |t Rzeczpospolita w latach potopu |b Wyd. 1 |d Kielce, 1996 |z 8371330561 |g (1996), Seite 305-311 |w (DE-603)058941207 |
| 924 | 0 | |9 2080 |a (DE-603)788638653 |b DE-2080 |c HES |d d |g / | |


